Most subscribed Youtubers - Statistics

General Stats
  • This quiz has been taken 131 times
  • The average score is 5 of 10
Answer Stats
nr followers flag Answer % Correct
1. 328M ๐Ÿ‡บ๐Ÿ‡ธ Mr Beast
98%
9. 110M ๐Ÿ‡ธ๐Ÿ‡ช ๐Ÿ‡ฏ๐Ÿ‡ต pewdiepie
88%
2. 278M ๐Ÿ‡ฎ๐Ÿ‡ณ T-Series
86%
3. 185M ๐Ÿ‡บ๐Ÿ‡ธ cocomelon
50%
7. 122M ๐Ÿ‡บ๐Ÿ‡ธ ๐Ÿ‡ท๐Ÿ‡บ Like Nastya
32%
4. 179M ๐Ÿ‡ฎ๐Ÿ‡ณ set india
30%
10. 105M ๐Ÿ‡บ๐Ÿ‡ธ WWE
29%
5. 127M ๐Ÿ‡บ๐Ÿ‡ธ ๐Ÿ‡บ๐Ÿ‡ฆ kids diana show
23%
6. 127M ๐Ÿ‡บ๐Ÿ‡ธ ๐Ÿ‡ท๐Ÿ‡บ vlad and niki
23%
8. 111M ๐Ÿ‡ฎ๐Ÿ‡ณ zee music
17%
No matching quizzes found
Score Distribution
Percent of People with Each Score
Percentile by Number Answered
Your Score History
You have not taken this quiz